Ifigenia (Registro nro. 116418)

Detalles MARC
000 -LEADER
campo de control de longitud fija 00622nam a2200205 4500
001 - NÚMERO DE CONTROL
campo de control 116418
003 - IDENTIFICADOR DE NÚMERO DE CONTROL
campo de control ES-MaACL
005 - FECHA Y HORA DE LA ÚLTIMA TRANSACCIÓN
campo de control 20230906190713.0
007 - CAMPO FIJO DE DESCRIPCIÓN FÍSICA--INFORMACIÓN GENERAL
campo de control de longitud fija t|
008 - DATOS DE LONGITUD FIJA--INFORMACIÓN GENERAL
campo de control de longitud fija 061121s1952 sp r ||||1| spa d
100 1# - ENTRADA PRINCIPAL--NOMBRE DE PERSONA
Nombre de persona Parra, Teresa de la.
9 (RLIN) 89237
245 10 - MENCIÓN DEL TÍTULO
Título Ifigenia
Resto del título : Diario de una señorita que escribió porque se fastidiaba /
Mención de responsabilidad, etc. Teresa de la Parra.
250 ## - MENCION DE EDICION
Mención de edición [1ª ed.].
260 ## - PUBLICACIÓN, DISTRIBUCIÓN, ETC.
Lugar de publicación, distribución, etc. Barcelona :
Nombre del editor, distribuidor, etc. Surco,
Fecha de publicación, distribución, etc. 1952.
300 ## - DESCRIPCIÓN FÍSICA
Extensión 592 p. ;
Dimensiones 19 cm.
490 1# - MENCIÓN DE SERIE
Mención de serie Colección Adriana ;
Designación de volumen o secuencia 13
830 0# - PUNTO DE ACCESO ADICIONAL DE SERIE-TÍTULO UNIFORME
Título uniforme Colección Adriana ;
Designación de volumen o secuencia 13
9 (RLIN) 233308
852 ## - LOCALIZACIÓN
Ubicación ES-MaACL
Número de control de estantería D-9079
Sublocalización o colección R.34210
Existencias
Estatus retirado Estado de pérdida Estado de daño No para préstamo Biblioteca de origen Biblioteca actual Ubicación en estantería Fecha de adquisición Fuente de adquisición Total de préstamos Signatura topográfica completa Código de barras Visto por última vez Precio de reemplazo Tipo de ítem Koha
        Biblioteca del Ateneo de Madrid Biblioteca del Ateneo de Madrid Sala Valle Inclán 17/01/2008     D-9079 901121400 23/02/2023 23/02/2023 Libro impreso